Decouvrir Le Sol

Na minha lista:
Detalhes bibliográficos
Autor principal: Alain
Formato: Livro
Idioma:Undetermined
Publicado em: Paris C.N.E.A.R.C, Montpellier 1988
Assuntos:
Tags: Adicionar Tag
Sem tags, seja o primeiro a adicionar uma tag!
Thư viện lưu trữ: Trung tâm Học liệu Trường Đại học Cần Thơ
LEADER 00453nam a2200181Ia 4500
001 CTU_28127
008 210402s9999 xx 000 0 und d
082 |a 631.46 
082 |b R921 
100 |a Alain 
245 0 |a Decouvrir Le Sol 
245 0 |c Alain 
260 |a Paris 
260 |b C.N.E.A.R.C, Montpellier 
260 |c 1988 
650 |a soils - research 
904 |i Sáng, 981007 
980 |a Trung tâm Học liệu Trường Đại học Cần Thơ